Flavours from India (Record no. 207894)

MARC details
000 -LEADER
fixed length control field 00389nam a2200157Ia 4500
008 - FIXED-LENGTH DATA ELEMENTS--GENERAL INFORMATION
fixed length control field 231221s9999 xx 000 0 und d
041 ## - LANGUAGE CODE
Language code of text/sound track or separate title English
082 ## - DEWEY DECIMAL CLASSIFICATION NUMBER
Classification number 641.338 PHI;1 R
100 ## - MAIN ENTRY--PERSONAL NAME
Personal name Philip, Thangam E
245 #0 - TITLE STATEMENT
Title Flavours from India
260 ## - PUBLICATION, DISTRIBUTION, ETC.
Date of publication, distribution, etc. 1993
Name of publisher, distributor, etc. Disha Books
300 ## - PHYSICAL DESCRIPTION
Extent 124
650 ## - SUBJECT ADDED ENTRY--TOPICAL TERM
Topical term or geographic name entry element Flavours,from,india
650 ## - SUBJECT ADDED ENTRY--TOPICAL TERM
Topical term or geographic name entry element Hotel management-Flovours
942 ## - ADDED ENTRY ELEMENTS (KOHA)
Koha item type Hotel Management Library
Holdings
Date last seen Total checkouts Full call number Accession number Cost, total (INR) price Price effective from Category Lost status Damaged status Department Withdrawn status Home library Current library Shelving location Entry date Vendor Cost, normal purchase price Grants Billnumber Billdate Currency symbol Conversion rate Discount Old discount
26/01/2024   641.338 PHI;1 R HM487 38.25 26/01/2024 Hotel Management Library     HEM   Central Library Central Library HM   Intel Book Distributors (P) Ltd. 45.00 HM 1636 21/06/2010 RS 1 6.75 15
26/01/2024   641.338 PHI;2 R1 HM676 36.00 26/01/2024 Hotel Management Library     HEM   Central Library Central Library HM   Book Paradise 45.00 HM 26518 21/06/2010 RS 1 9 20
26/01/2024   641.338 PHI;3 HM677 36.00 26/01/2024 Hotel Management Library     HEM   Central Library Central Library HM   Book Paradise 45.00 HM 26518 21/06/2010 RS 1 9 20

© For any Suggestions or Query, please contact the library staff @ librarian@pes.edu or Phone: +9180 2672 1983/ 2108.